000 00627nam a2200253Ia 4500
003 OSt
005 20221006144905.0
006 a|||||r|||| 00| 0
007 ta
008 221006b |||||||| |||| 00| 0 eng d
020 _c
_8.95
024 _a13,080
037 _cTextual
040 _aEASL
_cEASL
_beng
041 _2eng
_aeng
082 _aV41:594.N7, L4
100 _aCORR Gerard H
245 0 _aChinese red army
260 _aNew York
_bSchocken Books
_c1974
300 _a176p.
_ccm.
490 _v CEL
942 _hV41:594.N7, L4
_cTEXL
_2CC
999 _c1081166
_d1081166